|
|
|
|
| LEADER |
01636nam a2200421 a 4500 |
| 001 |
EBC1105687 |
| 003 |
MiAaPQ |
| 005 |
20200520144314.0 |
| 006 |
m o d | |
| 007 |
cr cn||||||||| |
| 008 |
121004s2013 njua s 001 0 eng d |
| 010 |
|
|
|z 2012038305
|
| 020 |
|
|
|z 9781118434765 (pbk.)
|
| 020 |
|
|
|z 9781118480519 (e-book)
|
| 035 |
|
|
|a (MiAaPQ)EBC1105687
|
| 035 |
|
|
|a (Au-PeEL)EBL1105687
|
| 035 |
|
|
|a (CaPaEBR)ebr10642589
|
| 035 |
|
|
|a (CaONFJC)MIL424032
|
| 035 |
|
|
|a (OCoLC)880910058
|
| 040 |
|
|
|a MiAaPQ
|c MiAaPQ
|d MiAaPQ
|
| 050 |
|
4 |
|a HG179.5
|b .D777 2013
|
| 082 |
0 |
4 |
|a 332.6
|2 23
|
| 100 |
1 |
|
|a Drucker, David J.,
|d 1948-
|
| 245 |
1 |
0 |
|a Technology tools for today's high-margin practice
|h [electronic resource] :
|b how client-centered financial advisors can cut paperwork, overhead, and wasted hours /
|c David J. Drucker, Joel P. Bruckenstein.
|
| 260 |
|
|
|a Hoboken, N.J. :
|b John Wiley & Sons,
|c c2013.
|
| 300 |
|
|
|a viii, 227 p. :
|b ill.
|
| 440 |
|
0 |
|a Bloomberg financial series
|
| 500 |
|
|
|a Includes index.
|
| 533 |
|
|
|a Electronic reproduction. Ann Arbor, MI : ProQuest, 2015. Available via World Wide Web. Access may be limited to ProQuest affiliated libraries.
|
| 650 |
|
0 |
|a Financial planners.
|
| 650 |
|
0 |
|a Finance, Personal
|x Computer network resources.
|
| 650 |
|
0 |
|a Investment advisors.
|
| 650 |
|
0 |
|a Investments
|x Data processing.
|
| 650 |
|
0 |
|a Finance
|x Technological innovations.
|
| 655 |
|
4 |
|a Electronic books.
|
| 700 |
1 |
|
|a Bruckenstein, Joel P.,
|d 1956-
|
| 710 |
2 |
|
|a ProQuest (Firm)
|
| 856 |
4 |
0 |
|u https://ebookcentral.proquest.com/lib/matrademy/detail.action?docID=1105687
|z Click to View
|